000
00209nam a2200085Ia 4500
008
120527s9999 xx 000 0 und d
100
_a
Harshbarger & Reynolds
245
_a
Mathematical Application
942
_c
BK
999
_c
27867
_d
27867